UBT Library

CONSTITUTIONAL LAW AND POLITICS (Record no. 59420)

000 -LEADER
fixed length control field 00345nam a22001457a 4500
008 - FIXED-LENGTH DATA ELEMENTS--GENERAL INFORMATION
fixed length control field 230322b ||||| |||| 00| 0 eng d
020 ## - INTERNATIONAL STANDARD BOOK NUMBER
International Standard Book Number 9780393935509
041 ## - LANGUAGE CODE
Language code of text/sound track or separate title eng
080 ## - UNIVERSAL DECIMAL CLASSIFICATION NUMBER
Edition identifier EIGHTH EDITION
Universal Decimal Classification number 34
082 ## - DEWEY DECIMAL CLASSIFICATION NUMBER
Classification number 34O'BR
100 ## - Rafti
Rafti 31
101 ## - Shkurtesa
Shkurtesa JUREDIK
245 ## - TITLE STATEMENT
Title CONSTITUTIONAL LAW AND POLITICS
Statement of responsibility, etc O'BRIEN .M.D
942 ## - ADDED ENTRY ELEMENTS (KOHA)
Source of classification or shelving scheme
Item type Books
Holdings
Withdrawn status Lost status Source of classification or shelving scheme Damaged status Not for loan Collection code Permanent location Current location Date acquired Total Checkouts Full call number Barcode Date last seen Price effective from Koha item type
          Koleksioni i përgjithshem UBT - Lipjan UBT - Lipjan 03/22/2023   34O'BR 002-8002042 03/22/2023 03/22/2023 Books
UBT Library © 2015-2024. All rights reserved University Education for Business and Technology